[Event "ICS Rated blitz match"]
[Site "204.178.125.65"]
[Date "1999.09.21"]
[Round "?"]
[White "Lippy"]
[Black "Hossa"]
[Result "1-0"]
[WhiteElo "2671"]
[BlackElo "2358"]
[PlyCount "90"]
[EventDate "1999.??.??"]

1. d4 d5 2. c4 e6 3. Nf3 dxc4 4. e3 b5 5. a4 c6 6. b3 cxb3 7. axb5 cxb5 8.
Bxb5+ Bd7 9. Qxb3 Bd6 10. d5 e5 11. Bb2 Bxb5 12. Qxb5+ Qd7 13. Nc3 Nf6 14. Ba3
Bxa3 15. Rxa3 e4 16. Ng5 Qxb5 17. Nxb5 Nxd5 18. O-O Nc6 19. Rc1 Kd7 20. Rd1
Nce7 21. Nxf7 Rhf8 22. Ng5 a5 23. Nc3 Rf5 24. Ncxe4 h6 25. Nc5+ Kc6 26. Nge6
Rf6 27. e4 Nf4 28. e5 Rxe6 29. Nxe6 Nxe6 30. Rd6+ Kc5 31. Rc3+ Kb4 32. Rc1 a4
33. Rxe6 Nd5 34. Rec6 Rd8 35. Rb1+ Ka3 36. Rd6 Rxd6 37. exd6 Nf6 38. Rb7 h5 39.
Rf7 Nd7 40. Rxd7 Kb4 41. Ra7 h4 42. d7 g5 43. d8=Q a3 44. Qc8 Kb3 45. Rb7+
45... Ka2 {Hossa resigns} 1-0

[Event "ICS Rated blitz match"]
[Site "204.178.125.65"]
[Date "1999.09.11"]
[Round "?"]
[White "Lonnie"]
[Black "Hossa"]
[Result "1-0"]
[WhiteElo "2813"]
[BlackElo "2475"]
[PlyCount "121"]
[EventDate "1999.??.??"]

1. Nf3 Nf6 2. c4 e6 3. g3 Bb4 4. Bg2 O-O 5. a3 Be7 6. d4 d5 7. cxd5 exd5 8. O-O
Nbd7 9. Nc3 Re8 10. Bf4 c6 11. Qd3 Nb6 12. b3 Nh5 13. Bd2 a5 14. Rfe1 Nf6 15.
e4 dxe4 16. Nxe4 Nxe4 17. Qxe4 Be6 18. Qc2 Qd7 19. Be3 f6 20. Nd2 Bf5 21. Ne4
Bh3 22. Nc5 Bxc5 23. Bxh3 Qxh3 24. dxc5 Nd5 25. Bd2 a4 26. bxa4 Reb8 27. Re4
Qd7 28. Rae1 Rd8 29. Qb3 Qf7 30. a5 Rd7 31. a4 Rad8 32. Bf4 Rc8 33. Qc4 Ra8 34.
Bd2 Kh8 35. Qd3 f5 36. Rd4 Qf8 37. Qc2 Qf6 38. Rh4 Qg6 39. Re5 Rf8 40. Bc1 Kg8
41. Bb2 Qf7 42. f3 Rdd8 43. Qb1 Rde8 44. f4 Ra8 45. Qe1 Rfd8 46. Bd4 Ra6 47. g4
Qd7 48. gxf5 Rf8 49. Re6 Raa8 50. Qe5 Rf7 51. Rd6 Qc7 52. Qe6 Rxa5 53. Bxg7
Kxg7 54. Rg4+ Kf8 55. Qh6+ Ke7 56. Rg8 Nf6 57. Re6+ Kd7 58. Rxf6 Qd8 59. Rxf7+
Kc8 60. Rxd8+ Kxd8 61. Qf8# {Hossa checkmated} 1-0

[Event "ICS Rated blitz match"]
[Site "204.178.125.65"]
[Date "1999.09.08"]
[Round "?"]
[White "MILexi"]
[Black "Hossa"]
[Result "0-1"]
[WhiteElo "2125"]
[BlackElo "2442"]
[PlyCount "31"]
[EventDate "1999.??.??"]

1. e4 e5 2. Nf3 Nc6 3. Nc3 Bb4 4. Nd5 Nf6 5. Nxb4 Nxb4 6. c3 Nc6 7. d3 d5 8.
exd5 Nxd5 9. d4 exd4 10. Nxd4 Nxd4 11. Qxd4 O-O 12. Bd3 Re8+ 13. Kf1 c6 14. c4
Nb4 15. Qxd8 Rxd8 16. Be4 {MILexi resigns} 0-1

[Event "ICS Rated blitz match"]
[Site "204.178.125.65"]
[Date "1999.09.27"]
[Round "?"]
[White "Malalama"]
[Black "Hossa"]
[Result "0-1"]
[WhiteElo "2328"]
[BlackElo "2485"]
[PlyCount "130"]
[EventDate "1999.??.??"]

1. d4 d5 2. c4 dxc4 3. Nf3 Nf6 4. e3 e6 5. Bxc4 c5 6. O-O a6 7. Qe2 Nbd7 8. Rd1
b5 9. Bd3 Bb7 10. Nc3 Be7 11. dxc5 Bxc5 12. Ng5 Bb6 13. Qc2 h6 14. Nge4 Nxe4
15. Bxe4 Bxe4 16. Qxe4 O-O 17. Rd6 Bc7 18. Rd3 Qc8 19. Qd4 Ne5 20. Rd2 Nc4 21.
Rc2 Be5 22. Qe4 Na3 23. bxa3 Bxc3 24. Bb2 Bxb2 25. Rxc8 Rfxc8 26. Rd1 Bxa3 27.
Kf1 Ra7 28. Ke2 Rac7 29. Kf3 Bb2 30. Rd6 Ra7 31. h4 h5 32. Kf4 g5+ 33. Kf3 g4+
34. Ke2 Rc4 35. Qd3 Be5 36. Rd8+ Kg7 37. g3 Rac7 38. Kd1 R7c6 39. Rd7 Bc3 40.
Ke2 Ba5 41. Kf1 Bb4 42. a3 Bf8 43. Rb7 Rd6 44. Qe2 Rc3 45. f3 Rc1+ 46. Kg2 Rcd1
47. Qb2+ Kg6 48. Qf2 R6d2 49. fxg4 Rxf2+ 50. Kxf2 hxg4 51. a4 bxa4 52. Rb2 a3
53. Rc2 Kh5 54. Kg2 f5 55. Ra2 Bb4 56. Rxa3 Bxa3 57. Kf2 Rd2+ 58. Kf1 Bd6 59.
Ke1 Rh2 60. Kd1 Bxg3 61. Kc1 Bxh4 62. Kd1 g3 63. Ke1 Rf2 64. e4 g2 65. exf5
65... g1=Q# {Malalama checkmated} 0-1

[Event "ICS Rated blitz match"]
[Site "204.178.125.65"]
[Date "1999.10.06"]
[Round "?"]
[White "Malalama"]
[Black "Hossa"]
[Result "0-1"]
[WhiteElo "2384"]
[BlackElo "2542"]
[PlyCount "112"]
[EventDate "1999.??.??"]

1. d4 d5 2. c4 e5 3. dxe5 d4 4. Nf3 Nc6 5. g3 f6 6. exf6 Nxf6 7. Bg2 Bb4+ 8.
Bd2 Be7 9. Na3 O-O 10. Ng5 h6 11. Ne4 Be6 12. Nxf6+ Rxf6 13. Qb3 Bxa3 14. bxa3
Rb8 15. Qa4 Ne5 16. Qxa7 Nxc4 17. Bf4 g5 18. Bc1 Rf5 19. Bxb7 Ra5 20. Qxa5 Nxa5
21. Be4 Qe7 22. f3 Nc4 23. O-O Nxa3 24. e3 Qc5 25. Bxa3 Qxa3 26. exd4 Qb2 27.
Rfd1 Bxa2 28. d5 Rd8 29. h4 gxh4 30. g4 h3 31. f4 Bxd5 32. Rxd5 Qxa1+ 33. Kh2
Qa2+ 34. Kxh3 Rxd5 35. Bxd5+ Qxd5 36. Kg3 Qd3+ 37. Kf2 Qd2+ 38. Kf3 Qxf4+ 39.
Kxf4 Kf7 40. Kf5 c5 41. Ke5 Kg6 42. Kd5 Kg5 43. Kxc5 Kxg4 44. Kd5 Kf3 45. Ke5
h5 46. Kd5 h4 47. Ke5 h3 48. Kd5 h2 49. Ke5 h1=Q 50. Kd5 Qc1 51. Kd4 Qc6 52.
Ke5 Qd7 53. Kf6 Kf4 54. Kg6 Qe7 55. Kh6 Kf5 56. Kh5 56... Qh7# {
Malalama checkmated} 0-1

[Event "ICS Rated blitz match"]
[Site "204.178.125.65"]
[Date "1999.09.04"]
[Round "?"]
[White "MateGoD"]
[Black "Hossa"]
[Result "1-0"]
[WhiteElo "2570"]
[BlackElo "2448"]
[PlyCount "72"]
[EventDate "1999.??.??"]

1. e3 d5 2. d4 Bf5 3. Nf3 e6 4. Bd2 Nd7 5. c4 c5 6. cxd5 exd5 7. Nc3 Ngf6 8.
Qb3 Bg4 9. Nxd5 Bxf3 10. gxf3 cxd4 11. Qxb7 Nxd5 12. Qxd5 dxe3 13. fxe3 Qh4+
14. Kd1 Rd8 15. Bc4 Qf6 16. Ke2 Bd6 17. Bc3 Be5 18. Bb4 Bxb2 19. Rad1 a6 20. f4
Qg6 21. Rhg1 Qe6 22. Qxe6+ fxe6 23. Bxe6 Nb6 24. Rxd8+ Kxd8 25. Rb1 Na4 26. Kf3
Bf6 27. Bd6 Nb2 28. Ba3 Re8 29. Bb3 Re7 30. Bxb2 Rd7 31. Bg8 Rd2 32. Bxf6+ gxf6
33. Rb6 Rxh2 34. Rxf6 Ke8 35. Rxa6 Kf8 36. Bxh7 36... Rh3+ {Hossa resigns} 1-0

[Event "ICS Rated blitz match"]
[Site "204.178.125.65"]
[Date "1999.10.08"]
[Round "?"]
[White "MateGoD"]
[Black "Hossa"]
[Result "1-0"]
[WhiteElo "2547"]
[BlackElo "2501"]
[PlyCount "126"]
[EventDate "1999.??.??"]

1. d4 Nf6 2. c4 e6 3. Nc3 Bb4 4. e3 c5 5. Bd3 d5 6. Nf3 O-O 7. O-O Nc6 8. a3
Ba5 9. cxd5 exd5 10. dxc5 Bxc3 11. bxc3 Bg4 12. c4 dxc4 13. Bxc4 Ne4 14. Bb2
Qe7 15. Qe2 Rad8 16. Rfd1 Qxc5 17. Qc2 Bxf3 18. gxf3 Qg5+ 19. Kh1 Rxd1+ 20.
Rxd1 Nf6 21. Rg1 Qh4 22. Bd5 Rd8 23. Bxc6 bxc6 24. Qxc6 Nh5 25. Qc7 Rf8 26. Qe5
f6 27. Qe6+ Kh8 28. Bd4 Qxf2 29. Qg4 g6 30. Bxa7 Ra8 31. Bd4 Rd8 32. Qg2 Qxg2+
33. Kxg2 Kg8 34. Rc1 f5 35. Rc4 h6 36. Kf2 Kf7 37. Rc7+ Kg8 38. a4 f4 39. a5
Ra8 40. Ra7 Rc8 41. e4 Rc4 42. Bb6 Rc2+ 43. Kg1 g5 44. a6 g4 45. fxg4 Rc1+ 46.
Kg2 Rc2+ 47. Kf3 Rc3+ 48. Ke2 Nf6 49. Bd4 f3+ 50. Kf1 Rc1+ 51. Kf2 Nxg4+ 52.
Kg3 f2 53. Rg7+ Kf8 54. a7 Rc8 55. Rc7 Re8 56. Bxf2 Nf6 57. Rb7 Nd7 58. Rxd7
Ra8 59. Rb7 Rxa7 60. Bc5+ Kg8 61. Rxa7 Kh8 62. Kg4 h5+ 63. Kxh5 63... Kg8 {
Hossa resigns} 1-0